000 00797nam0a22002531 4500
001 rc\15776
005 20250620114933.0
010 _a5-217-01040-1
_9200
035 _a(NLR Aleph) 005303965
090 _a6317688
_c6317688
100 _a20021204d1991 |||y0rusy50 ca
101 0 _arus
102 _aRU
105 _aa |||||||||
200 1 _aГрупповое производство деталей холодной объемной штамповкой
210 _aМ.
_cМашиностроение
_d1991
215 _a190 с.
_cил.
_d22
320 _aБиблиогр.: с. 185-187 (48 назв.)
700 1 _aАртес
_bА.Э.
_gАлексей Эдуардович
801 0 _aRU
_bNLR
_gpsbo
801 1 _aRU
_bELAR
_2rusmarc
852 _aNLR
_j92-5/1259
942 _cBOOK
980 _aNB